Bibliografía comentada y glosario de términos de gestión tecnológica
Zapisane w:
| organizacja autorów: | , |
|---|---|
| Format: | Książka |
| Język: | hiszpański |
| Wydane: |
Santiago
CINDA
1990
|
| Seria: | Colección Ciencia y Tecnología, 28
|
| Hasła przedmiotowe: | |
| Etykiety: |
Dodaj etykietę
Nie ma etykietki, Dołącz pierwszą etykiete!
|
MARC
| LEADER | 00000cam a2200000 a 4500 | ||
|---|---|---|---|
| 001 | UCU5791 | ||
| 003 | CL-VaPUC | ||
| 008 | 960614e19900000CL |||||||||||||||||spa|d | ||
| 082 | 0 | 4 | |a 600.016 |b CEN |2 21 |
| 110 | 2 | |a Centro Interuniversitario de Desarrollo |e author |9 363783 | |
| 710 | 2 | |a CINDA |e author |9 363784 | |
| 245 | 1 | 0 | |a Bibliografía comentada y glosario de términos de gestión tecnológica |
| 300 | |a 182 p | ||
| 942 | |c BK | ||
| 945 | |d 19960614 00:00:00 |a rbrito | ||
| 260 | |a Santiago |b CINDA |c 1990 | ||
| 650 | 0 | |a Educación superior |9 223851 | |
| 650 | 7 | |a INFORMACION TECNICA |2 CL-VaPUC |9 363785 | |
| 650 | 0 | |a Propiedad intelectual |9 256126 | |
| 650 | 7 | |a RECURSOS FINANCIEROS |2 CL-VaPUC |9 359145 | |
| 650 | 0 | |a Bibliografías |9 257071 | |
| 583 | |a last modification |c 20120110 02:07:51 |k Rodrigo Vera | ||
| 490 | 0 | |a Colección Ciencia y Tecnología, 28 | |
| 999 | |c 248977 |d 248975 | ||
| 952 | |0 0 |1 0 |4 0 |6 600_016000000000000_CEN_1990 |7 0 |8 A |9 265949 |a BIBENE |b BIBENE |d 2019-11-19 |i 3200868 |o 600.016 CEN 1990 |p 3200868 |r 2025-01-15 |w 2019-11-19 |y BK |k ICO | ||
| 952 | |0 0 |1 0 |4 0 |6 600_016000000000000_CEN_1990 |7 0 |8 ED_SUP |9 265950 |a BIBGIM |b BIBGIM |c S_PSTGRDO |d 2019-11-19 |i 4835727 |o 600.016 CEN 1990 |p 4835727 |r 2025-01-15 |w 2019-11-19 |y BK |k ESU | ||
| 952 | |0 0 |1 0 |4 0 |6 600_016000000000000_CEN_1990 |7 0 |8 ED_SUP |9 265951 |a BIBGIM |b BIBGIM |c S_PSTGRDO |d 2019-11-19 |i 4835735 |o 600.016 CEN 1990 |p 4835735 |r 2025-01-15 |w 2019-11-19 |y BK |k ESU | ||